Guess NCS Creator by Letter Jumble - Statistics

General Stats
  • This quiz has been taken 7 times
  • The average score is 9 of 20
Answer Stats
Jumble Creator % Correct
edh!e EH!DE
100%
aijnj Janji
100%
jjae Jeja
100%
xje Jex
100%
buot Tobu
80%
xola Axol
60%
fgruediis Disfigure
60%
l-ecrltoehgti Electro-Light
60%
ytlosks Lost Sky
60%
nrbiuknnwona Unknown Brain
60%
klioaeternmo Elektronomia
40%
xhrnobma Max Brhon
40%
lreanalwak Alan Walker
20%
yoelcns Syn Cole
20%
kiadnteo Anikdote
0%
riltnoabi Bri Tolani
0%
hslntnoicir Chris Linton
0%
vndfeirfeteaehn Different Heaven
0%
vdfeake Invincible
0%
burnsbua Sub Urban
0%
No matching quizzes found
Score Distribution
Percent of People with Each Score
Percentile by Number Answered
Your Score History
You have not taken this quiz